Persona a persona

Αποθηκεύτηκε σε:
Λεπτομέρειες βιβλιογραφικής εγγραφής
Κύριοι συγγραφείς: Rogers, Carl (Συγγραφέας), Stevens, Barry (Συγγραφέας)
Μορφή: Βιβλίο
Γλώσσα:Ισπανικά
Έκδοση: Buenos Aires Amorrortu 1980
Σειρά:Biblioteca de psicología
Θέματα:
Ετικέτες: Προσθήκη ετικέτας
Δεν υπάρχουν, Καταχωρήστε ετικέτα πρώτοι!

MARC

LEADER 00000nam a2200000 a 4500
001 UCW4729
003 CL-VaPUC
008 900704e19800000AG |||||||||||||||||spa|d
082 0 4 |a 615.851  |b ROG  |2 21 
100 0 |a Rogers, Carl  |e author  |9 307267 
700 0 |a Stevens, Barry  |e author  |9 309511 
245 1 0 |a Persona a persona 
300 |a 294 p 
942 |c BK 
945 |d 19900704 00:00:00 
260 |a Buenos Aires  |b Amorrortu  |c 1980 
650 7 |a PSICOTERAPIA  |2 CL-VaPUC  |9 309512 
650 7 |a PSICOTERAPIA CENTRADA EN EL CLIENTE  |2 CL-VaPUC  |9 269292 
583 |a last modification  |c 19900704 00:00:00  |k Rodrigo Vera 
490 0 |a Biblioteca de psicología 
999 |c 218362  |d 218360 
952 |0 0  |1 0  |4 0  |6 615_851000000000000_ROG_1980  |7 0  |8 A  |9 207825  |a BIBEDU  |b BIBEDU  |d 2019-11-15  |i 2756595  |l 2  |o 615.851 ROG 1980  |p 2756595  |r 2023-12-01  |s 2023-11-14  |w 2019-11-15  |y BK  |k EDU 
952 |0 0  |1 0  |4 0  |6 615_851000000000000_ROG_1980  |7 0  |8 A  |9 207826  |a BIBEDU  |b BIBEDU  |d 2019-11-15  |i 2756609  |o 615.851 ROG 1980  |p 2756609  |r 2019-11-15  |w 2019-11-15  |y BK  |k EDU